Alle Zahlen von 1-100 - Statistiken

Allgemein
  • Dieses Quiz wurde 301 mal gespielt
  • Das Durchschnittsergebnis liegt bei 91 aus 100
Antwortstatistiken
Antwort % Korrekt
1
100%
2
99%
3
99%
4
98%
5
98%
6
97%
7
97%
8
97%
9
97%
10
96%
11
96%
12
96%
13
94%
14
94%
15
94%
16
94%
17
94%
18
94%
19
93%
20
93%
21
93%
22
93%
23
93%
24
93%
27
93%
29
93%
33
93%
25
92%
26
92%
28
92%
30
92%
34
92%
32
91%
39
91%
40
91%
44
91%
31
90%
35
90%
36
90%
37
90%
38
90%
41
90%
42
90%
43
90%
45
90%
46
90%
48
90%
50
90%
52
90%
47
89%
49
89%
51
89%
53
89%
54
89%
55
89%
56
89%
58
89%
66
89%
88
89%
99
89%
100
88%
57
88%
59
88%
60
88%
61
88%
62
88%
63
88%
64
88%
65
88%
67
88%
69
88%
70
88%
72
88%
74
88%
76
88%
77
88%
78
88%
80
88%
81
88%
82
88%
83
88%
84
88%
85
88%
86
88%
87
88%
89
88%
90
88%
91
88%
92
88%
93
88%
94
88%
95
88%
96
88%
97
88%
98
88%
68
87%
71
87%
73
87%
75
87%
79
87%
Keine übereinstimmenden Quizze gefunden
Verteilung der Resultate
Anzahl Personen mit jedem Resultat
Perzentil nach korrekt beantworteten Fragen
Ihre Resultats-Entwicklung
Sie haben dieses Quiz noch nicht gespielt